| 000 | 00456nam a2200169Ia 4500 | ||
|---|---|---|---|
| 008 | 230917s9999||||xx |||||||||||||| ||und|| | ||
| 020 | _cRS395 | ||
| 040 |
_e249838 _aMAIN |
||
| 041 | _aEnglish | ||
| 082 | _aB R137A:R | ||
| 100 | _aAgarwal, Prahlad | ||
| 245 | 0 | _aRajkapoor: Aadhi haqiqat aadha fasaana | |
| 260 |
_aNew Delhi _bRajkamal Prakashan _c2007 |
||
| 300 | _a263 p. | ||
| 500 | _a3265 04/09/2018 RK18/1520 10/09/2018 Main Budget | ||
| 942 | _cBK | ||
| 999 |
_c28099 _d28099 |
||